| 000 | 00403nam a2200109Ia 4500 | ||
|---|---|---|---|
| 008 | 160909s9999 xx 000 0 und d | ||
| 100 | _aManda, Akshay Reddy. | ||
| 245 | _aAnalytical optimized approach for peer-to-peer systems based on self-organizing trust model | ||
| 260 |
_bCalifornia State University _c2016 |
||
| 650 | _aMASS COM | ||
| 856 | _uhttp://pqdtopen.proquest.com/doc/1792640750.html?FMT=ABS | ||
| 999 |
_c304171 _d304171 |
||